|
|
|
|
| LEADER |
00000nab a2200000 a 4500 |
| 001 |
vtls000777194 |
| 003 |
SK-MaSNL |
| 005 |
20260302152747.0 |
| 008 |
180206c xo 0 slo |
| 015 |
|
|
|a SNBRB2001/12-35212
|
| 035 |
|
|
|a CLN000128980
|
| 040 |
|
|
|a SNKBUCL
|b slo
|c SNKBUCL
|e AACR2
|
| 041 |
0 |
|
|a slo
|
| 044 |
|
|
|a xo
|c SK
|
| 080 |
|
|
|a 323.113(=854)(100)(048)
|2 UDC-MRF-SK2
|
| 100 |
1 |
|
|a Benža, Mojmír,
|d 1941-
|4 aut
|9 190566
|
| 245 |
1 |
0 |
|a Sprievodca slovenským zahraničím
|c Mojmír Benža
|
| 650 |
0 |
7 |
|a Slováci v zahraničí
|x dejiny
|x recenzie
|2 snkbucl
|9 846672
|
| 655 |
|
7 |
|a články z novín a časopisov
|2 snkbucl
|9 267496
|
| 773 |
0 |
|
|x 0862-8823
|t Slovenské národné noviny
|g Roč. 12 (16), č. 24 (2001), s. 2
|
| 787 |
0 |
8 |
|i Rec.:
|a Bartalská, Ľubica, 1943-
|t Sprievodca slovenským zahraničím
|d Bratislava : Dom zahraničných Slovákov, 2001
|
| 850 |
|
|
|a Slovenská národná knižnica v Martine
|
| 852 |
|
|
|a SNK
|b KIS3GCP
|
| 958 |
|
|
|a RBX
|
| 999 |
|
|
|c 1363391
|d 1365321
|